| 000 | 00671nam a2200157 a 4500 | ||
|---|---|---|---|
| 001 | 000043333 | ||
| 005 | 20250909091243.0 | ||
| 008 | 140310s1997 sp 000 0 spa d | ||
| 020 | _a8472327876 | ||
| 040 |
_aDO-SdBNP _bspa _cBNPHU |
||
| 245 | 0 | 3 |
_aLa Cooperación Descentralizada al Desarrollo desde los Gobiernos Regionales y Locales. / _cGrupo de Trabajo sobre Cooperación Internacional al Desarrollo. |
| 260 |
_aValencia, : _bAgencia Española de Cooperación Internacional, _c1997. |
||
| 300 |
_a202 p. ; _c24 cm. |
||
| 710 | 1 | 2 |
_aGrupo de Trabajo sobre Cooperación Internacional al Desarrollo _970972 |
| 710 | 2 | 2 |
_aAgencia Española de Cooperación Internacional _934585 |
| 999 |
_c42822 _d42822 |
||